Score 0/21 Timer 05:00
0 Plays Today
Missing Word % Correct
Wolves
96.6%
Elm
93.4%
Daisy
90.4%
Silver
88.1%
Diamonds
86.7%
Gold
86.3%
Bears
82.4%
Pelican
78.9%
Magnolias
77.4%
Iron
61.3%
Tin
59.2%
Missing Word % Correct
Rose
57.3%
Bees
53.8%
Apple
53.4%
Horses
52.4%
Lion
48.8%
Cedar
42.2%
Iris
26.1%
Flint
22.9%
Falcon
20.5%
Ruby
16.9%

Today's Daily Dose

Missing Word
Train Books

Word Ladder
Piano Man

Quick Pick
Google Products

Get the Picture
Moana or Coco

Remove Ads.
Support Sporcle.
Get the best of Sporcle when you Go Orange. This ad-free experience offers more features, more stats, and more fun while also helping to support Sporcle. Thank you for becoming a member.

You're not logged in!

Compare scores with friends on all Sporcle quizzes.
OR
Log In

Show Comments

Extras

Top Quizzes Today


Score Distribution

Your Account Isn't Verified!

In order to create a playlist on Sporcle, you need to verify the email address you used during registration. Go to your Sporcle Settings to finish the process.

Report this User

Report this user for behavior that violates our Community Guidelines.

Details: